000 00737nam a2200205Ia 4500
003 GCL
008 140319s9999 xx 000 0 ara d
040 _aGCL /
_cGCL
082 0 4 _a810.8036
_bم ت
100 1 _aابن الرزبان، ابوبكر محمد
245 1 0 _aتفضيل الكلاب على كثير من لبس الثياب /
_cابن الرزبان، ابوبكر محمد
700 1 _aعصام محمد شبارو (تحقيق)
260 _a[S.N] :
_bدار التضامن للطباعة والنشر والتوزيع ،
_c1992
300 _a147 ص
490 _a
650 0 4 _aالادب العربى
650 0 4 _aالمجموعات الادبية
650 0 4 _aالكلاب فى الادب
942 _2ddc
_cBK
999 _c28011
_d28011